| 000 | 01134nam a22002537a 4500 | ||
|---|---|---|---|
| 001 | 9600 | ||
| 003 | FISKH | ||
| 005 | 20260128083716.0 | ||
| 008 | 260126b cb ||||| |||| 00| 0 eng d | ||
| 020 | _a9780143107330 | ||
| 040 |
_aFISKH _beng _cFISKH _dFISKH |
||
| 050 | _aPS1306 | ||
| 082 | _a813.4 | ||
| 100 |
_aTwain, Mark _eAuthor |
||
| 245 |
_aThe adventures of Tom Sawyer / _cMark Twain ; with an introduction and notes by R. Kent Rasmussen |
||
| 260 |
_aNew York : _bPenguin Group , _c1876 |
||
| 300 |
_a233 pages : _c20 cm |
||
| 490 |
_aTom Sawyer _v1 |
||
| 520 | _aThe orphan Tom Sawyer, raised by his aunt, is never out of trouble for long. A mischievous, charming boy (not to mention genius at escaping from trouble), Tom's adventures involve many unwitting bystanders. From one moment to the next, the boy could change into a pirate, or ship's captain - when he's not trying to win Becky Thatcher for a sweetheart, of course. Tom is also a friend of Twain's other beloved boy-hero, Huckleberry Finn. | ||
| 650 |
_aAmerican literature _vBoys |
||
| 650 |
_aChildhood _vChildren |
||
| 942 |
_2ddc _cBK _n0 |
||
| 999 |
_c9600 _d9600 |
||